[Event "HUN-ch U10"]
[Site "Balatonlelle"]
[Date "2019.06.28"]
[Round "9"]
[White "Havasi, Gergely Bulcsu"]
[Black "Panda, Barnabas"]
[Result "0-1"]
[WhiteElo "1486"]
[BlackElo "1722"]
[PlyCount "74"]
[EventDate "2019.06.21"]
[EventType "swiss"]
[EventRounds "9"]
[EventCountry "HUN"]
[SourceTitle "CBM 191 Extra"]
[Source "ChessBase"]
[SourceDate "2019.09.30"]
[SourceVersion "1"]
[SourceVersionDate "2019.09.30"]
[SourceQuality "1"]

1. d4 Nf6 2. Nf3 d5 3. Bf4 c5 4. e3 Nc6 5. c3 Qb6 6. Qb3 c4 7. Qxb6 axb6 8. Nbd2 b5 9. Be2 b4 10. 0-0 bxc3 11. bxc3 Bf5 12. Ne5 Nxe5 13. dxe5 Ne4 14. Nxe4 Bxe4 15. Rfd1 e6 16. f3 Bg6 17. e4 Bc5+ 18. Kh1 dxe4 19. Bxc4 exf3 20. gxf3 Ke7 21. Re1 h6 22. Bg3 Bf5 23. Re2 Rhd8 24. Rb2 b6 25. a4 Bd3 26. Bb3 Bf5 27. Bc4 Bh3 28. f4 Rxa4 29. Ba2 Rda8 30. Bf2 Bxf2 31. Rxf2 Bf5 32. Kg2 Be4+ 33. Kg3 Ra3 34. Kh4 Rxc3 35. Rd2 Raa3 36. Rad1 Rh3+ 37. Kg4 Bf5# 0-1

[Event "HUN-ch U10"]
[Site "Balatonlelle"]
[Date "2019.06.26"]
[Round "7"]
[White "Havasi, Gergely Bulcsu"]
[Black "Toth, Barnabas1111"]
[Result "0-1"]
[WhiteElo "1486"]
[BlackElo "1363"]
[PlyCount "130"]
[EventDate "2019.06.21"]
[EventType "swiss"]
[EventRounds "9"]
[EventCountry "HUN"]
[SourceTitle "CBM 191 Extra"]
[Source "ChessBase"]
[SourceDate "2019.09.30"]
[SourceVersion "1"]
[SourceVersionDate "2019.09.30"]
[SourceQuality "1"]

1. Nf3 Nf6 2. g3 g6 3. Bg2 Bg7 4. 0-0 0-0 5. c3 c5 6. Re1 d6 7. d4 Na6 8. e4 Bg4 9. Qd3 cxd4 10. cxd4 Rc8 11. Bd2 Qb6 12. Bc3 Nb4 13. Qd2 Nc6 14. d5 Nb8 15. h3 Bxf3 16. Bxf3 Qc7 17. Na3 a6 18. Rac1 Qd8 19. Rc2 Nbd7 20. Rec1 Nc5 21. Bxf6 Bxf6 22. b4 Nxe4 23. Bxe4 Rxc2 24. Qxc2 Qb6 25. Qb3 Bd4 26. Rf1 Rc8 27. b5 f5 28. Bg2 Rc3 29. Nc4 Qc5 30. Qd1 Rxc4 31. bxa6 bxa6 32. Qe1 Be5 33. Kh1 f4 34. gxf4 Rxf4 35. Qd2 Qb4 36. Qe3 Rf6 37. Rc1 Qf4 38. Qxf4 Rxf4 39. Kg1 Bd4 40. Rc2 Kf7 41. Re2 Be5 42. Rc2 Rd4 43. Kf1 a5 44. Rc1 Rd2 45. Ke1 Rxa2 46. Bf3 Ra3 47. Bg4 Kf6 48. Rc4 Rd3 49. Be6 Rd4 50. Rc8 Kg5 51. Re8 Bf6 52. Bg8 h6 53. Bf7 Kf5 54. Be6+ Kf4 55. Rb8 Rb4 56. Ra8 Rc4 57. Ke2 Rc5 58. Rb8 Rc2+ 59. Kf1 Bh4 60. Rf8+ Bf6 61. Ra8 Ra2 62. Rc8 h5 63. Rc4+ Kf3 64. Kg1 Ra1+ 65. Kh2 Be5+ 0-1

[Event "HUN-ch U10"]
[Site "Balatonlelle"]
[Date "2019.06.25"]
[Round "6"]
[White "Csernyik, Mark"]
[Black "Havasi, Gergely Bulcsu"]
[Result "1/2-1/2"]
[WhiteElo "1704"]
[BlackElo "1486"]
[PlyCount "86"]
[EventDate "2019.06.21"]
[EventType "swiss"]
[EventRounds "9"]
[EventCountry "HUN"]
[SourceTitle "CBM 191 Extra"]
[Source "ChessBase"]
[SourceDate "2019.09.30"]
[SourceVersion "1"]
[SourceVersionDate "2019.09.30"]
[SourceQuality "1"]

1. e4 d6 2. d4 c6 3. Nf3 Bg4 4. h3 Bh5 5. Nc3 e6 6. Bf4 Qb6 7. Qd3 Bg6 8. Nh4 a6 9. Nxg6 hxg6 10. 0-0-0 Nd7 11. d5 e5 12. Be3 Qc7 13. f4 c5 14. f5 Ne7 15. g4 b5 16. h4 c4 17. Qd2 Nc5 18. a3 Rb8 19. Bxc5 Qxc5 20. Na2 Qb6 21. Be2 a5 22. c3 Qc5 23. Rdf1 f6 24. fxg6 Nxg6 25. g5 Nf4 26. gxf6 gxf6 27. Kb1 Rb7 28. Rfg1 Bh6 29. Qd1 Kd8 30. h5 Qe3 31. Bf3 Qd3+ 32. Qxd3 Nxd3 33. Rh3 Nf4 34. Rhg3 Bg5 35. Nc1 Rbh7 36. Rh1 a4 37. Ne2 Ke7 38. Nxf4 exf4 39. Rgh3 Rh6 40. Kc2 Kd8 41. Kd2 Kc7 42. Ke2 Re8 43. Rg1 Rhh8 1/2-1/2